Szczegóły MARC21

Die Kälte : eine Isolation /

003 -Nazwa inst., której nr kontr. jest w polu 001 [,]
    • @
    • Nazwa instytucji, której n kontrolny jest w polu 001
    • NUKAT
005 -DATA I CZAS OSTATNIEJ MODYFIKACJI [,]
    • @
    • pole kontrolne
    • 20241231112516.0
020 -Międzynarod. znormalizowany nr książki - ISBN [ , ]
    • a
    • Numer ISBN
    • 3423103078 Find
040 -Instytucja sporządzająca opis [ , ]
    • a
    • Instytucja, która sporządziła opis (NP)
    • NUKAT
    • c
    • Instytucja, która sporządziła rekord (NP)
    • POZN U/JG
    • d
    • Instytucja, która zmodyfikowała rekord (P)
    • POZN U/HK
    • d
    • Instytucja, która zmodyfikowała rekord (P)
    • LUBL U/roks
942 -Rodzaj dokumentu [ , ]
    • c
    • Rodzaj dokumentu
    • Książka
100 -Hasło główne - nazwa osobowa [1, ]
    • a
    • Nazwa osobowa (NP)
    • Bernhard, Thomas
    • d
    • Daty biograficzne (NP)
    • (1931-1989).
    • 9
    • KHW
    • 37322
245 -Strefa tytułu i oznaczenia odpowiedzialności [1,4]
    • a
    • Tytuł
    • Die Kälte : Find
    • b
    • Ciąg dalszy tytułu (NP)
    • eine Isolation / Find
    • c
    • Pozostałe elementy strefy tytułu i oznaczenia odpowiedzialności (NP)
    • Thomas Bernhard.
250 -Strefa wydania [ , ]
    • a
    • Oznaczenie wydania (NP)
    • 5. Aufl.
260 -Strefa adresu wydawniczego [ , ]
    • a
    • Miejsce wydania (P)
    • München :
    • b
    • Nazwa wydawcy (P)
    • Deutscher Taschenbuch Verl.,
    • c
    • Data wydania (P)
    • 1991.
300 -Strefa opisu fizycznego [ , ]
    • a
    • Określenie formy książki i/lub objętość (NP)
    • 150 s. :
    • b
    • Oznaczenie ilustracji (NP)
    • il. ;
    • c
    • Format (NP)
    • 18 cm.
336 -Typ zawartości [ , ]
    • a
    • Termin opisujący typ zawartości
    • Tekst
    • b
    • Kod określający zawartość
    • txt
    • 2
    • Źródło (terminu i kodu)
    • rdacontent
337 -Typ mediów [ , ]
    • a
    • Tryb odtwarzania
    • Bez urządzenia pośredniczącego
    • b
    • Kod typu mediów
    • n
    • 2
    • Źródło (terminu i kodu)
    • rdamedia
338 -Typ/rodzaj nośnika [ , ]
    • a
    • Hasło opisujące typ nośnika
    • Wolumin
    • b
    • Kod typu nośnika
    • nc
    • 2
    • Źródło (terminu i kodu)
    • rdacarrier
490 -Strefa serii i książki wielotomowej - forma nie do wyszukiwania [1, ]
    • a
    • Tytuł (P)
    • Dtv ; Find
    • v
    • Numeracja (P)
    • 10307
830 -Hasło dodatkowe serii i opisu książki wielotomowej - tytuł ujednolicony/tytuł [ ,0]
    • a
    • Tytuł ujednolicony/tytuł (NP)
    • Dtv
    • x
    • ISSN
    • 0416-5675
    • v
    • Oznaczenie tomu (NP)
    • 10307
    • 9
    • KHW
    • 60375
080 -Uniwersalna Klasyfikacja Dziesiętna [ , ]
    • a
    • Symbol klasyfikacji
    • 830(436)-31=30
655 -Hasło w funkcji tematu formalnego [ ,7]
    • a
    • Hasło
    • Proza austriacka
    • y
    • Określnik chronologiczny
    • 1970-2000.
    • 2
    • Źródło terminu
    • kaba
    • 9
    • KHW
    • 449217
980 -Symbol UKD [ , ]
    • a
    • UKD
    • 830(436)-31=30
920 -ISBN [ , ]
    • a
    • ISBN
    • 3-423-10307-8 Find
Data inwentaryzacji Lokalizacja Numer inwentarzowy Status udost. Sygnatura
1998-08-25BMG.13276-3Germ. Literatura austriacka